Online
Catalog

Historia de la literatura Hispanoamericana : (Record no. 40128)

MARC details
000 -CABECERA
campo de control de longitud fija 00745nam a2200217 a 4500
001 - NÚMERO DE CONTROL
campo de control 000040638
005 - FECHA Y HORA DE LA ÚLTIMA TRANSACCIÓN
campo de control 20201002034253.0
008 - DATOS DE LONGITUD FIJA--INFORMACIÓN GENERAL
campo de control de longitud fija 130904s2009 sp 001 0 spa d
020 ## - NÚMERO INTERNACIONAL ESTÁNDAR DEL LIBRO
Número Internacional Estándar del Libro 9788434483156
040 ## - FUENTE DE LA CATALOGACIÓN
Centro catalogador/agencia de origen DO-SdBNP
Lengua de catalogación spa
Centro/agencia transcriptor BNPHU
082 ## - NÚMERO DE LA CLASIFICACIÓN DECIMAL DEWEY
Número de clasificación xxxx
Número de documento/Ítem xxxx
100 1# - ENTRADA PRINCIPAL--NOMBRE DE PERSONA
Nombre de persona Franco, Jean
9 (RLIN) 66994
245 10 - MENCIÓN DE TÍTULO
Título Historia de la literatura Hispanoamericana :
Resto del título a partir de la independencia /
Mención de responsabilidad, etc. Jean Franco ; traducción Carlos Pujol.
260 ## - PUBLICACIÓN, DISTRIBUCIÓN, ETC.
Lugar de publicación, distribución, etc. Barcelona, :
Nombre del editor, distribuidor, etc. Ariel,
Fecha de publicación, distribución, etc. 2009.
300 ## - DESCRIPCIÓN FÍSICA
Extensión 398 p.21 cm. ;
Dimensiones 21 cm.
490 1# - MENCIÓN DE SERIE
Mención de serie Letras e ideas
500 ## - NOTA GENERAL
Nota general Incluye índice alfabético
504 ## - NOTA DE BIBLIOGRAFÍA, ETC.
Nota de bibliografía, etc. Incluye referencias bibliográficas y notas al pie de las páginas
700 1# - PUNTO DE ACCESO ADICIONAL--NOMBRE DE PERSONA
Nombre de persona Pujol, Carlos,
Término indicativo de función/relación tr.
9 (RLIN) 45462
830 #0 - PUNTO DE ACCESO ADICIONAL DE SERIE-TÍTULO UNIFORME
Título uniforme Letras e ideas
9 (RLIN) 66995
Holdings
Estado de retiro Estado de pérdida Restricciones de uso No para préstamo Código de colección Localización permanente Ubicación/localización actual Ubicación en estantería Fecha de adquisición Número de inventario Total de préstamos Signatura topográfica completa Código de barras Fecha visto por última vez Precio válido a partir de Tipo de ítem Koha
      Excluido de préstamo Monografías: Libros y Folletos General General Depósito 04.09.2013 LF1   xxxx xxxx 40638-10 25.06.2020 25.06.2020 No se presta

Powered by Koha